000
00281nam a22001217a 4500
008
170529b xxu||||| |||| 00| 0 eng d
041
_a
eng
080
_a
62
100
_a
25
101
_a
IM
245
_a
AN INTRODUCTION TO LASER AND MASERS
_c
SIEGMAN.A.E
942
_2
udc
_c
BK
999
_c
14703
_d
14703